駅利用者数ランキングTOP100(東京都) - Statistics

General Stats
  • This quiz has been taken 794 times
  • The average score is 75 of 100
Answer Stats
駅名 利用者数 % Correct
1 新宿 2984711
99%
5 東京 1061525
99%
2 渋谷 2803542
98%
3 池袋 2308170
97%
8 品川 746354
97%
13 上野 505392
97%
7 新橋 772143
95%
6 高田馬場 783543
94%
10 秋葉原 647919
94%
11 目黒 636652
94%
4 北千住 1388227
93%
44 神田 229362
93%
25 日暮里 357806
92%
70 八王子 151038
92%
75 代々木 140168
92%
17 中野 386657
91%
18 有楽町 385674
91%
24 西日暮里 359263
91%
55 赤羽 183284
91%
81 原宿 129970
91%
21 大崎 375884
90%
34 立川 301256
90%
49 巣鴨 216984
90%
22 五反田 364894
89%
28 恵比寿 340535
89%
42 田町 238712
89%
47 浅草 218790
89%
85 御徒町 121704
89%
46 御茶ノ水 223836
88%
15 大手町 412394
87%
19 蒲田 385267
87%
20 吉祥寺 376317
86%
31 飯田橋 309863
86%
32 国分寺 306253
86%
35 錦糸町 287869
86%
48 銀座 217244
86%
91 大塚 112494
86%
36 四ツ谷 283228
85%
62 三鷹 167532
85%
84 駒込 121822
85%
40 荻窪 242043
84%
27 大井町 348989
83%
56 水道橋 181828
83%
9 押上 713301
82%
37 新木場 282940
80%
12 代々木上原 524765
79%
30 市ヶ谷 311646
79%
39 日本橋 250883
79%
66 大森 156466
79%
23 中目黒 363724
78%
50 新宿三丁目 211041
76%
53 練馬 190677
76%
74 新小岩 141472
76%
45 下北沢 225967
75%
98 両国 100835
75%
57 王子 180938
73%
14 町田 451092
72%
38 九段下 258062
72%
61 表参道 168791
72%
69 浅草橋 153123
71%
87 小岩 116612
71%
16 綾瀬 397628
70%
54 六本木 184804
70%
80 亀戸 130374
69%
29 神保町 328616
68%
43 豊洲 235989
68%
60 日比谷 170457
68%
88 調布 115507
68%
93 武蔵小金井 110668
68%
33 小竹向原 301371
67%
78 自由が丘 132419
67%
26 泉岳寺 351639
66%
63 八丁堀 161065
66%
71 武蔵境 150834
66%
52 三田 195515
65%
99 後楽園 99051
65%
64 青山一丁目 158303
64%
82 霞ヶ関 128553
64%
41 三軒茶屋 241502
62%
51 大門 203622
62%
58 門前仲町 177594
61%
76 二子玉川 138041
61%
89 国会議事堂前 113161
58%
67 東銀座 155571
57%
97 茅場町 105877
56%
89 溜池山王 113161
55%
83 春日 124776
54%
94 三越前 110666
52%
73 西武新宿 143181
51%
92 東陽町 111204
51%
86 人形町 117029
50%
95 中野坂上 108819
50%
77 月島 132744
46%
59 赤羽岩淵 175489
40%
65 分倍河原 157084
39%
79 森下 132049
39%
72 京成高砂 144483
38%
96 馬喰横山 106131
32%
100 新御徒町 97070
30%
68 多摩センター 154744
27%
No matching quizzes found
Score Distribution
Percent of People with Each Score
Percentile by Number Answered
Your Score History
You have not taken this quiz